000
00306nam a22001217a 4500
020
_a
07-015002-8
082
_a
621.381 CUT'S
100
_a
CUTLER, PHILLIP
_9
77035
245
_a
SOLID STATE DEVICE THEORY WITH ILLUSTRATIVE PROBLEMS
260
_a
NEWYORK
_b
MCGRAW HILL
_c
1972
300
_a
232P
942
_c
BK
999
_c
582351
_d
582351